000 00754nam a2200229Ii 4500
003 JO-AjNU
008 230605s9999||||xx |||||||||||||| ||und||
017 _a2006/10749
020 _a977-428-023-7
040 _aJO-AjNU
_bara
_erda
_cJO-AjNU
041 _aara
050 1 4 _aHG1615.S376 2007
100 3 _aالصيرفي، محمد,
_eauthor
_932023
245 0 0 _aادارة المصارف
250 _aط1
264 3 1 _aالاسكندرية: دار الوفاء لدنيا الطباعة والنشر، 2007
300 _a348ص
_bيحتوي على ببلوغرافية من 340-348ص
336 _atext
_btxt
_2rdacontent
337 _aunmediated
_bn
_2rdamedia
338 _avolume
_bnc
_2rdacarrier
650 4 _aادارة البنوك
_932024
999 _aA12879
_c16447
_d16447